| 000 | 01284cam a22003251 4500 | ||
|---|---|---|---|
| 001 | gs 43000043 | ||
| 003 | DLC | ||
| 005 | 20260227111349.0 | ||
| 008 | 781127s1943 msuab s001 0 eng | ||
| 010 | _ags 43000043 | ||
| 035 | _a(OCoLC)4398622 | ||
| 040 |
_aDLC _cMsSM _dDLC |
||
| 042 | _apremarc | ||
| 050 | 0 | 0 |
_aQE129 _b.A2 no. 51 |
| 051 |
_aTN24.M7 _bA5 1943 _c2nd set |
||
| 110 | 2 | _aMississippi Geological, Economic, and Topographical Survey | |
| 245 | 1 | 0 |
_aMontgomery County mineral resources: Geology, _cby Richard Randall Priddy; Tests, by Thomas Edwin McCutcheon. |
| 260 |
_aUniversity _c1943. |
||
| 300 |
_a114 p. _billus., fold. maps, tables. _c23 cm. |
||
| 490 | 1 |
_aIts Bulletin, _vno. 51 |
|
| 500 | _aAt head of title: Mississippi. State Geological Survey. | ||
| 500 | _a"Prepared in cooperation with the Montgomery County citizens and the WPA as a report on O.P. 65-1-62-137." | ||
| 504 | _a"References": p. 79-80. | ||
| 650 | 0 |
_aGeology _zMississippi _zMontgomery County. |
|
| 650 | 0 |
_aMines and mineral resources _zMississippi _zMontgomery County. |
|
| 650 | 0 |
_aClay _xTesting. |
|
| 700 | 1 | _aPriddy, Richard Randall. | |
| 700 | 1 | _aMcCutcheon, Thomas Edwin. | |
| 810 | 2 |
_aMississippi Geological, Economic, and Topographical Survey. _tBulletin, _vno. 51. |
|
| 999 |
_c27891 _d27891 |
||